000
00236nam a2200097Ia 4500
008
230915s9999 xx 000 0 und d
050
_a
PQ 2469. V47 1963
100
_a
VERNE,JULES
245
0
_a
LE TOUR DU MONDE EN 80 JOURS
942
_c
BK
999
_c
178187
_d
178187